<?xml version="1.0" encoding="UTF-8"?>
<collection xmlns="http://www.loc.gov/MARC21/slim">
 <record>
  <leader>02541nam a22003137a 4500</leader>
  <controlfield tag="001">NCT_61658</controlfield>
  <controlfield tag="008">190311b        xxu||||| |||| 00| 0 vie d</controlfield>
  <datafield tag="999" ind1=" " ind2=" ">
   <subfield code="c">2986</subfield>
   <subfield code="d">2986</subfield>
  </datafield>
  <datafield tag="020" ind1=" " ind2=" ">
   <subfield code="a">9786046200048</subfield>
   <subfield code="c">31000</subfield>
  </datafield>
  <datafield tag="082" ind1="0" ind2="4">
   <subfield code="2">23rd ed.</subfield>
   <subfield code="a">515</subfield>
   <subfield code="b">Tr552/T.3</subfield>
  </datafield>
  <datafield tag="100" ind1="1" ind2=" ">
   <subfield code="a">Lê Văn Trực</subfield>
  </datafield>
  <datafield tag="245" ind1="1" ind2="0">
   <subfield code="a">Giải tích toán học</subfield>
   <subfield code="n">Tập III </subfield>
   <subfield code="p">Tích phân Fourier, cực trị phiếm hàm</subfield>
   <subfield code="b">(Dùng cho các ngành vật lý và kỹ thuật)</subfield>
   <subfield code="c">Lê Văn Trực</subfield>
  </datafield>
  <datafield tag="260" ind1=" " ind2=" ">
   <subfield code="a">H.</subfield>
   <subfield code="b">Đại học Quốc gia Hà Nội</subfield>
   <subfield code="c">2009</subfield>
  </datafield>
  <datafield tag="300" ind1=" " ind2=" ">
   <subfield code="a">307 tr.</subfield>
   <subfield code="c">21cm</subfield>
  </datafield>
  <datafield tag="500" ind1=" " ind2=" ">
   <subfield code="a">ĐTTS ghi: Đại học Quốc gia Hà Nội. Trường Đại học Khoa học Tự nhiên</subfield>
  </datafield>
  <datafield tag="520" ind1="3" ind2=" ">
   <subfield code="a">Trình bày cơ sở của phép tính toán tử, đó là tích phân Fourier, phép biến đổi Fourier.</subfield>
  </datafield>
  <datafield tag="653" ind1=" " ind2=" ">
   <subfield code="a">Khoa học cơ bản</subfield>
  </datafield>
  <datafield tag="942" ind1=" " ind2=" ">
   <subfield code="2">ddc</subfield>
   <subfield code="c">BK</subfield>
  </datafield>
  <datafield tag="952" ind1=" " ind2=" ">
   <subfield code="0">0</subfield>
   <subfield code="1">0</subfield>
   <subfield code="2">ddc</subfield>
   <subfield code="4">0</subfield>
   <subfield code="6">515_000000000000000_TR552_T_3</subfield>
   <subfield code="7">0</subfield>
   <subfield code="9">16182</subfield>
   <subfield code="a">000001</subfield>
   <subfield code="b">000001</subfield>
   <subfield code="d">2019-03-11</subfield>
   <subfield code="o">515 Tr552/T.3</subfield>
   <subfield code="p">MD.14870</subfield>
   <subfield code="r">2019-03-11</subfield>
   <subfield code="v">31000.00</subfield>
   <subfield code="w">2019-03-11</subfield>
   <subfield code="y">BK</subfield>
  </datafield>
  <datafield tag="952" ind1=" " ind2=" ">
   <subfield code="0">0</subfield>
   <subfield code="1">0</subfield>
   <subfield code="2">ddc</subfield>
   <subfield code="4">0</subfield>
   <subfield code="6">515_000000000000000_TR552_T_3</subfield>
   <subfield code="7">0</subfield>
   <subfield code="9">16183</subfield>
   <subfield code="a">000001</subfield>
   <subfield code="b">000001</subfield>
   <subfield code="d">2019-03-11</subfield>
   <subfield code="o">515 Tr552/T.3</subfield>
   <subfield code="p">MD.14871</subfield>
   <subfield code="r">2019-03-11</subfield>
   <subfield code="v">31000.00</subfield>
   <subfield code="w">2019-03-11</subfield>
   <subfield code="y">BK</subfield>
  </datafield>
  <datafield tag="952" ind1=" " ind2=" ">
   <subfield code="0">0</subfield>
   <subfield code="1">0</subfield>
   <subfield code="2">ddc</subfield>
   <subfield code="4">0</subfield>
   <subfield code="6">515_000000000000000_TR552_T_3</subfield>
   <subfield code="7">0</subfield>
   <subfield code="9">16184</subfield>
   <subfield code="a">000001</subfield>
   <subfield code="b">000001</subfield>
   <subfield code="d">2019-03-11</subfield>
   <subfield code="o">515 Tr552/T.3</subfield>
   <subfield code="p">MD.14872</subfield>
   <subfield code="r">2019-03-11</subfield>
   <subfield code="v">31000.00</subfield>
   <subfield code="w">2019-03-11</subfield>
   <subfield code="y">BK</subfield>
  </datafield>
  <datafield tag="952" ind1=" " ind2=" ">
   <subfield code="0">0</subfield>
   <subfield code="1">0</subfield>
   <subfield code="2">ddc</subfield>
   <subfield code="4">0</subfield>
   <subfield code="6">515_000000000000000_TR552_T_3</subfield>
   <subfield code="7">0</subfield>
   <subfield code="9">16185</subfield>
   <subfield code="a">000001</subfield>
   <subfield code="b">000001</subfield>
   <subfield code="d">2019-03-11</subfield>
   <subfield code="o">515 Tr552/T.3</subfield>
   <subfield code="p">MD.14873</subfield>
   <subfield code="r">2019-03-11</subfield>
   <subfield code="v">31000.00</subfield>
   <subfield code="w">2019-03-11</subfield>
   <subfield code="y">BK</subfield>
  </datafield>
  <datafield tag="952" ind1=" " ind2=" ">
   <subfield code="0">0</subfield>
   <subfield code="1">0</subfield>
   <subfield code="2">ddc</subfield>
   <subfield code="4">0</subfield>
   <subfield code="6">515_000000000000000_TR552_T_3</subfield>
   <subfield code="7">0</subfield>
   <subfield code="9">16186</subfield>
   <subfield code="a">000001</subfield>
   <subfield code="b">000001</subfield>
   <subfield code="d">2019-03-11</subfield>
   <subfield code="o">515 Tr552/T.3</subfield>
   <subfield code="p">MD.14874</subfield>
   <subfield code="r">2019-03-11</subfield>
   <subfield code="v">31000.00</subfield>
   <subfield code="w">2019-03-11</subfield>
   <subfield code="y">BK</subfield>
  </datafield>
  <datafield tag="952" ind1=" " ind2=" ">
   <subfield code="0">0</subfield>
   <subfield code="1">0</subfield>
   <subfield code="2">ddc</subfield>
   <subfield code="4">0</subfield>
   <subfield code="6">515_000000000000000_TR552_T_3</subfield>
   <subfield code="7">0</subfield>
   <subfield code="9">16187</subfield>
   <subfield code="a">000001</subfield>
   <subfield code="b">000001</subfield>
   <subfield code="d">2019-03-11</subfield>
   <subfield code="o">515 Tr552/T.3</subfield>
   <subfield code="p">MD.14875</subfield>
   <subfield code="r">2019-03-11</subfield>
   <subfield code="v">31000.00</subfield>
   <subfield code="w">2019-03-11</subfield>
   <subfield code="y">BK</subfield>
  </datafield>
  <datafield tag="952" ind1=" " ind2=" ">
   <subfield code="0">0</subfield>
   <subfield code="1">0</subfield>
   <subfield code="2">ddc</subfield>
   <subfield code="4">0</subfield>
   <subfield code="6">515_000000000000000_TR552_T_3</subfield>
   <subfield code="7">0</subfield>
   <subfield code="9">16188</subfield>
   <subfield code="a">000001</subfield>
   <subfield code="b">000001</subfield>
   <subfield code="d">2019-03-11</subfield>
   <subfield code="o">515 Tr552/T.3</subfield>
   <subfield code="p">MD.14876</subfield>
   <subfield code="r">2019-03-11</subfield>
   <subfield code="v">31000.00</subfield>
   <subfield code="w">2019-03-11</subfield>
   <subfield code="y">BK</subfield>
  </datafield>
  <datafield tag="952" ind1=" " ind2=" ">
   <subfield code="0">0</subfield>
   <subfield code="1">0</subfield>
   <subfield code="2">ddc</subfield>
   <subfield code="4">0</subfield>
   <subfield code="6">515_000000000000000_TR552_T_3</subfield>
   <subfield code="7">0</subfield>
   <subfield code="9">16189</subfield>
   <subfield code="a">000001</subfield>
   <subfield code="b">000001</subfield>
   <subfield code="d">2019-03-11</subfield>
   <subfield code="o">515 Tr552/T.3</subfield>
   <subfield code="p">MD.14877</subfield>
   <subfield code="r">2019-03-11</subfield>
   <subfield code="v">31000.00</subfield>
   <subfield code="w">2019-03-11</subfield>
   <subfield code="y">BK</subfield>
  </datafield>
  <datafield tag="952" ind1=" " ind2=" ">
   <subfield code="0">0</subfield>
   <subfield code="1">0</subfield>
   <subfield code="2">ddc</subfield>
   <subfield code="4">0</subfield>
   <subfield code="6">515_000000000000000_TR552_T_3</subfield>
   <subfield code="7">0</subfield>
   <subfield code="9">16190</subfield>
   <subfield code="a">000001</subfield>
   <subfield code="b">000001</subfield>
   <subfield code="d">2019-03-11</subfield>
   <subfield code="o">515 Tr552/T.3</subfield>
   <subfield code="p">MD.14878</subfield>
   <subfield code="r">2019-03-11</subfield>
   <subfield code="v">31000.00</subfield>
   <subfield code="w">2019-03-11</subfield>
   <subfield code="y">BK</subfield>
  </datafield>
  <datafield tag="952" ind1=" " ind2=" ">
   <subfield code="0">0</subfield>
   <subfield code="1">0</subfield>
   <subfield code="2">ddc</subfield>
   <subfield code="4">0</subfield>
   <subfield code="6">515_000000000000000_TR552_T_3</subfield>
   <subfield code="7">0</subfield>
   <subfield code="9">16191</subfield>
   <subfield code="a">000001</subfield>
   <subfield code="b">000001</subfield>
   <subfield code="d">2019-03-11</subfield>
   <subfield code="o">515 Tr552/T.3</subfield>
   <subfield code="p">MD.14879</subfield>
   <subfield code="r">2019-03-11</subfield>
   <subfield code="v">31000.00</subfield>
   <subfield code="w">2019-03-11</subfield>
   <subfield code="y">BK</subfield>
  </datafield>
  <datafield tag="980" ind1=" " ind2=" ">
   <subfield code="a">Thư viện Trường Đại học Nam Cần Thơ</subfield>
  </datafield>
 </record>
</collection>
